000 00521nam a2200193Ia 4500
005 20250326143526.0
008 250326s9999 xx 000 0 und d
020 _a0-88415-150-6
037 _aTextbook
040 _aFMSL
_beng
_cFMSL
041 _aeng
_2eng
084 _aX:89Q8 N3
_qFMSL
100 _aZairi M
_9743394
245 0 _aTotal quality management for engineers
_cZairi M
260 _aLondon
_bLondon, Gulf
_c1993
300 _a254p
942 _cTB
_hX:89Q8 N3
999 _c1299948
_d1299948